Coulson & Richardson's Chemical Engineering Solutions for the problems in chemical engineering Volume-1 / (Record no. 562379)

000 -LEADER
fixed length control field 00447nam a2200121Ia 4500
008 - FIXED-LENGTH DATA ELEMENTS--GENERAL INFORMATION
fixed length control field 210430s9999 xx 000 0 und d
082 ## - DEWEY DECIMAL CLASSIFICATION NUMBER
Classification number 660 C 853 C
100 ## - MAIN ENTRY--PERSONAL NAME
Personal name J. R. Backhurst, J. H. Harker, J.F. Richardson
9 (RLIN) 127643
245 ## - TITLE STATEMENT
Title Coulson & Richardson's Chemical Engineering Solutions for the problems in chemical engineering Volume-1 /
Statement of responsibility, etc. J.M.Coulson and J.F Richardson
260 ## - PUBLICATION, DISTRIBUTION, ETC.
Place of publication, distribution, etc. India
Name of publisher, distributor, etc. Heinemann
Date of publication, distribution, etc. 2001
300 ## - PHYSICAL DESCRIPTION
Extent 332p
942 ## - ADDED ENTRY ELEMENTS (KOHA)
Koha item type Book
Source of classification or shelving scheme
Holdings
Withdrawn status Lost status Damaged status Not for loan Collection code Permanent Location Current Location Shelving location Date acquired Total Checkouts Full call number Barcode Date last seen Price effective from Koha item type
          School of Chemical & Materials Engineering (SCME) School of Chemical & Materials Engineering (SCME) General Stacks     660 C 853 C SCME-1248 04/30/2021 04/30/2021 Book
© 2023 Central Library, National University of Sciences and Technology. All Rights Reserved.